000
00307nam a22001337a 4500
008
180807b xxu||||| |||| 00| 0 eng d
020
_a
0471045233
041
_a
eng
080
_2
2nd
_a
610.73
100
_a
1
101
_a
INF
245
_a
Strategies for Teaching Nursing
_c
Tornyay,R.D
942
_2
udc
_c
BK
999
_c
46944
_d
46944